00404nam a2200133Ia 4500020001800000082002200018245006000040260004900100300001000149650003300159650002800192650003000220700002000250 a89-86763-01-X a341.48109513 INT; 0aInternational community and human rights in North Korea aSeoulbInstitute of Unification Policyc1996 a310p. aHuman rights - Korea (North) aLiberty - Korea (North) aDemocracy - Korea (North) aChoi, Sung-Chul